Statistics for MLB Guess The Player By Image #2

Click here to take the quiz!

General Stats

  • This quiz has been taken 38 times
  • The average score is 20 of 30

Answer Stats

Answer% Correct
Elly De La Cruz
94%
Gunnar Henderson
94%
Max Muncy
91%
Oneil Cruz
88%
Pete Alonso
88%
Jeremy Pena
84%
J.T. Realmuto
84%
Orlando Arcia
81%
Jacob deGrom
78%
Joe Musgrove
78%
Andrew Benintendi
69%
Bo Naylor
69%
Gabriel Moreno
69%
George Kirby
69%
Jake Burger
69%
M.J. Melendez
69%
Brendan Donovan
66%
Carlos Rodon
66%
Nolan Jones
66%
Justin Steele
63%
Yusei Kikuchi
63%
Brandon Drury
59%
Nick Pivetta
59%
Brent Rooker
56%
Kerry Carpenter
53%
LaMonte Wade Jr.
53%
Edouard Julien
50%
Hoby Milner
34%
Kyle Finnegan
34%
Isaac Paredes
22%

Score Distribution

Percentile by Number Answered

Percent of People with Each Score

Your Score History

You have not taken this quiz